Govt. of
Madhya Pradesh

Normal view MARC view

Entry Topical Term

Number of records used in: 1

001 - CONTROL NUMBER

  • control field: 23159

003 - CONTROL NUMBER IDENTIFIER

  • control field: OSt

005 - DATE AND TIME OF LATEST TRANSACTION

  • control field: 20151227130618.0

008 - FIXED-LENGTH DATA ELEMENTS

  • fixed length control field: 151227|| aca||aabn | a|a d

040 ## - CATALOGING SOURCE

  • Original cataloging agency: OSt
  • Transcribing agency: OSt

150 ## - HEADING--TOPICAL TERM

  • Topical term or geographic name entry element: Cataloguing

670 ## - SOURCE DATA FOUND

  • Source citation: Work cat.: (OSt)37075: Wright, H Nelson 23158, Catalogue of The Coins in the Indian Museum Calcutta, 1907